Paroles Indochine - Nos célébrations - Statistiques

Statistiques générales
  • Ce quiz a été pris 211 fois
  • Le résultat moyen est 168 sur 217
Statistiques - réponses
Paroles % Correct
a
97%
à
97%
À
97%
nos
95%
célébrations
93%
la
93%
le
93%
Le
93%
Je
92%
je
92%
croire
91%
suis
91%
y
91%
que
90%
ne
88%
vie
88%
ma
86%
pas
85%
pas?
85%
peau
85%
et
84%
sa
84%
garçon
82%
de
81%
fille
80%
qui
80%
une
80%
ça
79%
C'est
79%
nous
79%
comme
78%
Comme
78%
garder
78%
moi
78%
Moi
78%
son
78%
Mais
77%
mais
77%
finira
76%
n'en
76%
fait
75%
histoire
75%
nom
75%
continuera?
74%
les
74%
paradis
74%
perdu
74%
est-ce-que
73%
Est-ce-que
73%
Sauver
73%
sauver
73%
tu
73%
l'on
72%
serai
71%
te
71%
ton
71%
beau
69%
cher
69%
arriverait
68%
chaos
65%
sous
65%
chevaux
64%
Il
63%
lune
63%
J'archive
62%
souviendras?
62%
faire
61%
n'y
61%
laisser
59%
voudras?
59%
hier
55%
toi
55%
ils
54%
pour
54%
encore
52%
mort
51%
arriveront
50%
monde
50%
voir
50%
j'ai
49%
rêver
49%
part
48%
aura
46%
bien
46%
contre
46%
entier
45%
jusqu'à
45%
quelqu'un
44%
Alors
43%
décidé
43%
n'donnerai
43%
tout
42%
quelque
40%
t'aimerai
40%
dégrader
39%
seul
38%
m'écouter
37%
parti
36%
perdant
36%
certainement
34%
J'étais
33%
avant
31%
n'donnai
27%
Aucun quiz correspondant
Distribution des résultats
% des personnes avec chaque résultat
Percentile par nombre de réponses
Votre historique - résultats
Vous n’avez pas pris ce quiz